The Christmas tree that grew / (Record no. 1165)

MARC details
000 -LEADER
fixed length control field 01004nam a2200289 a 4500
005 - DATE AND TIME OF LATEST TRANSACTION
control field 20251208104239.0
020 ## - INTERNATIONAL STANDARD BOOK NUMBER
International Standard Book Number 0307004589
040 ## - CATALOGING SOURCE
Original cataloging agency PE
Transcribing agency DLC
Modifying agency DLC
Language of cataloging eng
050 00 - LIBRARY OF CONGRESS CALL NUMBER
Classification number PZ7.K865
082 ## - DEWEY DECIMAL CLASSIFICATION NUMBER
Classification number Fic
100 1# - MAIN ENTRY--PERSONAL NAME
Personal name Krasilovsky, Phyllis.
245 14 - TITLE STATEMENT
Title The Christmas tree that grew /
Statement of responsibility, etc. by Phyllis Krasilovsky ; illustrated by Kathy Wilburn.
260 ## - PUBLICATION, DISTRIBUTION, ETC.
Place of publication, distribution, etc. Racine, Wis. :
Name of publisher, distributor, etc. Western Publshing Company, Inc.,
Date of publication, distribution, etc. 1987.
300 ## - PHYSICAL DESCRIPTION
Extent 23 unnumbered pages:
Other physical details colors illustrations. ;
Dimensions 21 cm.
490 0# - SERIES STATEMENT
Series statement A Little golden book
500 ## - GENERAL NOTE
General note "A Golden book, New York."
505 ## - FORMATTED CONTENTS NOTE
Formatted contents note F <br/>
520 ## - SUMMARY, ETC.
Summary, etc. The Adam family bought a live Christmas tree that grew so tall it reached into their neighbors' apartments.
521 ## - TARGET AUDIENCE NOTE
Target audience note 300 <br/>
Source Lexile <br/>
521 ## - TARGET AUDIENCE NOTE
Target audience note F <br/>
Source Raz-Plus <br/>
650 #0 - SUBJECT ADDED ENTRY--TOPICAL TERM
Topical term or geographic name entry element Christmas trees
General subdivision Juvenile fiction.
650 #1 - SUBJECT ADDED ENTRY--TOPICAL TERM
Topical term or geographic name entry element Christmas trees
General subdivision Fiction.
700 1# - ADDED ENTRY--PERSONAL NAME
Personal name Wilburn, Kathy,
Relator term illustrator.
906 ## - LOCAL DATA ELEMENT F, LDF (RLIN)
a 7
b cbc
c copycat
d 3
e ocip
f 19
g y-gencatlg
942 ## - ADDED ENTRY ELEMENTS (KOHA)
Source of classification or shelving scheme Dewey Decimal Classification
Koha item type Books
Suppress in OPAC No
999 ## -
-- 1165
-- 1165
Holdings
Withdrawn status Lost status Source of classification or shelving scheme Damaged status Not for loan Collection Home library Current library Shelving location Date acquired Total Checkouts Full call number Barcode Date last seen Date last checked out Price effective from Koha item type
    Dewey Decimal Classification     Juvenile Fiction Footprints International School Library Network Toul Kork Campus Footprints International School Library Network Toul Tom Poung Campus TTP Primary Green Bookshelves 08/04/2023 2 KRA Fic PZ7.K865 FISBK00206 11/21/2025 11/14/2025 08/04/2023 Books